000 00589cab a2200229 4500
001 X1117
008 090401t1993 xxu||||| |||| 00| 0 eng d
035 _a(Sirsi) u14770
041 _aeng
245 _aAgricultural building
260 _c1993
350 _a0
490 _aCS Monthly : Rural Practice
_v3(2) October 1993, 6(1)
520 _aNorth Wiltshire DC v Hazell
650 _aCAVITY WALLS
650 _aENFORCEMENT NOTICE
650 _aGENERAL DEVELOPMENT ORDER
650 _aSTONE BUILDING
690 _aPLANNING LAW AND PRACTICE
942 _n0
948 _c04/03/1997
999 _c9640
_d9640